| 000 | 02489nam0a2200397 4500 | ||
|---|---|---|---|
| 001 | RU\NLR\BIBL_A\022329049 | ||
| 005 | 20260420014810.0 | ||
| 010 |
_a978-5-7621-1289-5 _9220 |
||
| 021 |
_aRU _bКН-П-24-046564 _9КН-П-24-4631 |
||
| 035 | _a(NLR Aleph) 022329049 | ||
| 090 |
_a13665435 _c13665435 |
||
| 100 | _a20240920d2024 k y0rusy50 ca | ||
| 101 | 0 | _arus | |
| 102 | _aRU | ||
| 105 | _ay|||z|||101yy | ||
| 181 | 0 |
_ai4 _baxxe |
|
| 182 | 0 | _an | |
| 200 | 1 |
_aПроблемы социальной психологии и социальной работы _eXIX Всероссийская Парыгинская научно-практическая конференция с международным участием, 26 апреля 2024 года _fСанкт-Петербургский гуманитарный университет профсоюзов _gнаучный редактор: М. В. Созинова, кандидат педагогических наук, доцент |
|
| 203 |
_aТекст _bвизуальный _cнепосредственный |
||
| 210 |
_aСанкт-Петербург _cСанкт-Петербургский гуманитарный университет профсоюзов _d2024 |
||
| 215 |
_a236, [1] с. _d20 |
||
| 320 | _aБиблиогр. в конце ст. | ||
| 320 | _aИмен. указ. в конце кн. | ||
| 606 | 1 |
_aПсихология социальная _jСъезды, совещания и т.п _9930117 _3RU\NLR\AUTH\6623776 |
|
| 606 | 1 |
_aСоциальная работа _jСъезды, совещания и т.п _92037175 _3RU\NLR\AUTH\661223020 |
|
| 686 | 1 | _aС581я431 | |
| 686 | 1 | _aС550.473я431 | |
| 686 | 1 | _aЮ949.2я431 | |
| 702 | 1 |
_aСозинова _bМ. В. _gМария Валерьевна _4340 |
|
| 711 | 1 | 2 |
_a"Проблемы социальной психологии и социальной работы", всероссийская Парыгинская научно-практическая конференция с международным участием _d19 _eСанкт-Петербург _f2024 _92645088 _3RU\NLR\AUTH\880616362 |
| 712 | 0 | 2 |
_4475 _aСанкт-Петербургский гуманитарный университет профсоюзов _9279435 _3RU\NLR\AUTH\884042 |
| 942 | _cBOOK | ||
| 980 | _aNB | ||